000 00373nam a2200157Ia 4500
008 210210b1927 xxu||||| |||| 00| 0 eng d
041 _aeng
082 _a822/341
100 _aCUMBERLEGE (G F J)
245 _aSeveral essays
260 _aLondon
_bOxford University Press
_c1927
650 _aSeveral
650 _aessays
690 _aEnglish Prose
906 _a012527
999 _c131333
_d131333